BIBLIOTECA

SENCICO

Estadística para administradores / (Registro nro. 166)

Detalles MARC
000 -LEADER
fixed length control field 01426nam a2200265Ia 4500
003 - CONTROL NUMBER IDENTIFIER
control field PE SENCICO BE
005 - DATE AND TIME OF LATEST TRANSACTION
control field 20251020182428.0
008 - FIXED-LENGTH DATA ELEMENTS--GENERAL INFORMATION
fixed length control field 200515s9999 xx 000 0 und d
020 ## - INTERNATIONAL STANDARD BOOK NUMBER
International Standard Book Number 968-880-675-7
040 ## - CATALOGING SOURCE
Original cataloging agency PE SENCICO BE
Transcribing agency PE SENCICO BE
041 ## - LANGUAGE CODE
Language code of text/sound track or separate title spa
082 ## - DEWEY DECIMAL CLASSIFICATION NUMBER
Classification number 519.5
Item number L54 1996
100 1# - MAIN ENTRY--PERSONAL NAME
Personal name Levin, Richard I.
9 (RLIN) 2392
Relator term autor
245 10 - TITLE STATEMENT
Title Estadística para administradores /
Statement of responsibility, etc. Richard I. Levin, David S. Rubin
250 ## - EDITION STATEMENT
Edition statement 6a ed.
260 ## - PUBLICATION, DISTRIBUTION, ETC.
Place of publication, distribution, etc. Lima :
Name of publisher, distributor, etc. Prentice - Hall Hispanoamericana ;
Date of publication, distribution, etc. 1996
300 ## - PHYSICAL DESCRIPTION
Extent xviii, 1017 p. :
Other physical details tbl., graf. ;
Dimensions 25 cm.
505 0# - FORMATTED CONTENTS NOTE
Formatted contents note Ordenamiento o arreglo de datos para obtener significados: tablas y gráficas -- Medidas de tendencia central y dispersión en distribuciones de frecuencias -- Probabilidad I: ideas introductorias -- Probabilidad II: Distribuciones -- Muestreo y distribuciones de muestreo -- Estimación -- Prueba de hipótesis: pruebas de una sola muestra -- Prueba de hipótesis: pruebas de dos muestras -- Calidad y control de calidad -- Ji-cuadrada y análisis de varianza -- Regresión múltiple y técnicas de modelado -- Métodos no paramétricos -- Series temporales -- Números de índices -- Teoría de decisiones
650 10 - SUBJECT ADDED ENTRY--TOPICAL TERM
Topical term or geographic name entry element Estadística
9 (RLIN) 1473
650 20 - SUBJECT ADDED ENTRY--TOPICAL TERM
Topical term or geographic name entry element Estadística matemática
9 (RLIN) 210
650 20 - SUBJECT ADDED ENTRY--TOPICAL TERM
Topical term or geographic name entry element Probabilidades
9 (RLIN) 264
650 20 - SUBJECT ADDED ENTRY--TOPICAL TERM
Topical term or geographic name entry element Muestreo (Estadística)
9 (RLIN) 2393
700 1# - ADDED ENTRY--PERSONAL NAME
9 (RLIN) 2394
Personal name Rubin, David S.
Relator term autor
942 ## - ADDED ENTRY ELEMENTS (KOHA)
Koha item type Libros
Source of classification or shelving scheme Dewey Decimal Classification
Existencias
Fecha de la última vez que lo usaron Número de ingreso o de inventario Pago total Signatura topográfica completa Código de barras Precio efectivo desde Tipo de documento Estado perdido Sistema de clasificación Estado dañado No es para préstamo Retirado Ubicación permanente Ubicación actual Fecha de adquisición
15/05/2020 11994   519.5/L54/1996 BibLima24070062 15/05/2020 Libros   Dewey Decimal Classification       Biblioteca Central Lima Biblioteca Central Lima 15/05/2020